| 000 | 00476nam a2200157 a 4500 | ||
|---|---|---|---|
| 001 | 4140 | ||
| 005 | 20140414131934.0 | ||
| 008 | 090218s19uu xx 00 eng d | ||
| 050 |
_aREF 577.3 _bB93 2005 |
||
| 100 | _aBurnie, David. | ||
| 245 | _aShrublands. | ||
| 260 |
_aChicago, Ill. : _bRaintree, _cc2011. |
||
| 520 | _aIntroduces some animals and plants that live in areas too dry for forests but too wet to be deserts. | ||
| 650 | _aShrubland ecology. | ||
| 999 |
_c112365 _d112365 |
||